| 000 | 00000nam 2200000zi 4500 |
| 001 | 9.933170 |
| 003 | CaOODSP |
| 005 | 20250106124819 |
| 006 | m o d f |
| 007 | cr bn||||||||| |
| 008 | 240131e197405##oncb ob f000 0 eng d |
| 040 | |aCaOODSP|beng|erda|cCaOODSP |
| 086 | 1 |aId35-11/1974E-PDF |
| 245 | 00|aWorld survey on poultry and eggs / |ccompiled by Livestock, Meat and Dairy Products Division, Agriculture, Fisheries and Food Products Branch. |
| 264 | 1|a[Ottawa] : |bIndustry, Trade and Commerce = Industrie et commerce, |cMay 1974. |
| 300 | |a1 online resource (339 pages) : |bmaps |
| 336 | |atext|btxt|2rdacontent |
| 337 | |acomputer|bc|2rdamedia |
| 338 | |aonline resource|bcr|2rdacarrier |
| 500 | |aIssued also in French under title: Enquête mondiale sur l'aviculture. |
| 500 | |a"Published by the Department of Industry, Trade and Commerce, …"--Back cover. |
| 500 | |aDigitized edition from print [produced by Innovation, Science and Economic Development Canada]. |
| 504 | |aIncludes bibliographical references. |
| 650 | 0|aPoultry industry. |
| 650 | 0|aEgg trade. |
| 650 | 0|aMarket surveys. |
| 710 | 1 |aCanada. |bDepartment of Industry, Trade and Commerce. |bAgriculture, Fisheries and Food Products Branch, |eissuing body. |
| 775 | 08|tEnquête mondiale sur l'aviculture / |w(CaOODSP)9.946524 |
| 856 | 40|qPDF|s4.61 MB|uhttps://publications.gc.ca/collections/collection_2025/isde-ised/Id35-11-1974-eng.pdf |